[Event "Figueira da Foz op 6th"]
[Site "Figueira da Foz"]
[Date "2009.12.06"]
[Round "9"]
[White "Cavaleiro, Daniel Felipe Costa"]
[Black "Carapeto, Ricardo"]
[Result "1/2-1/2"]
[WhiteElo "1844"]
[BlackElo "1894"]
[PlyCount "26"]
[EventDate "2009.11.27"]
[EventType "swiss"]
[EventRounds "9"]
[EventCountry "POR"]
[SourceTitle "CBM 133 Extra"]
[Source "ChessBase"]
[SourceDate "2010.01.05"]
[SourceVersion "1"]
[SourceVersionDate "2010.01.05"]
[SourceQuality "1"]

1. Nf3 c6 2. g3 d5 3. Bg2 Nf6 4. 0-0 g6 5. d3 Bg7 6. Nbd2 0-0 7. c4 Re8 8. Ne5 Nbd7 9. Ndf3 Qc7 10. Nxd7 Nxd7 11. Qc2 dxc4 12. Qxc4 Nb6 13. Qc2 Bg4 1/2-1/2

[Event "Figueira da Foz op 6th"]
[Site "Figueira da Foz"]
[Date "2009.12.03"]
[Round "6"]
[White "Carapeto, Ricardo"]
[Black "Durao, Joaquim Manuel"]
[Result "0-1"]
[WhiteElo "1894"]
[BlackElo "2046"]
[PlyCount "64"]
[EventDate "2009.11.27"]
[EventType "swiss"]
[EventRounds "9"]
[EventCountry "POR"]
[SourceTitle "CBM 133 Extra"]
[Source "ChessBase"]
[SourceDate "2010.01.05"]
[SourceVersion "1"]
[SourceVersionDate "2010.01.05"]
[SourceQuality "1"]

1. d4 Nf6 2. c4 g6 3. Nc3 Bg7 4. e4 d6 5. Nf3 0-0 6. Be2 e5 7. 0-0 Nbd7 8. d5 Nc5 9. Qc2 a5 10. Ne1 Ne8 11. Be3 f5 12. f3 f4 13. Bf2 g5 14. Nd3 b6 15. a3 Rf7 16. b4 Nxd3 17. Qxd3 Bf8 18. c5 bxc5 19. bxc5 Rg7 20. Kh1 h5 21. h3 g4 22. fxg4 hxg4 23. Bxg4 Bxg4 24. hxg4 Qg5 25. Qf3 dxc5 26. g3 Ra6 27. Kg2 Nf6 28. Rh1 Nxg4 29. Rh3 Rf6 30. Rf1 fxg3 31. Qxg3 Nxf2 32. Rxf2 Rxf2+ 0-1

[Event "Figueira da Foz op 6th"]
[Site "Figueira da Foz"]
[Date "2009.12.01"]
[Round "4"]
[White "Carapeto, Ricardo"]
[Black "Brandauer, Dorit"]
[Result "1/2-1/2"]
[WhiteElo "1894"]
[BlackElo "1840"]
[PlyCount "32"]
[EventDate "2009.11.27"]
[EventType "swiss"]
[EventRounds "9"]
[EventCountry "POR"]
[SourceTitle "CBM 133 Extra"]
[Source "ChessBase"]
[SourceDate "2010.01.05"]
[SourceVersion "1"]
[SourceVersionDate "2010.01.05"]
[SourceQuality "1"]

1. e4 e5 2. Nf3 Nf6 3. Nxe5 d6 4. Nf3 Nxe4 5. Qe2 Qe7 6. d3 Nf6 7. Bg5 Qxe2+ 8. Bxe2 Be7 9. Nc3 c6 10. 0-0 Na6 11. Rfe1 Nc7 12. Nd4 Ne6 13. Nxe6 Bxe6 14. d4 Kd7 15. Bd3 h6 16. Bxf6 Bxf6 1/2-1/2

[Event "Barreiro U18 2nd"]
[Site "Barreiro"]
[Date "2003.09.02"]
[Round "3"]
[White "Carapeto, Ricardo"]
[Black "Figueiredo, Helder"]
[Result "1/2-1/2"]
[WhiteElo "1878"]
[BlackElo "2071"]
[PlyCount "63"]
[EventDate "2003.08.28"]
[EventType "tourn"]
[EventRounds "9"]
[EventCountry "POR"]
[SourceTitle "EXT 2004"]
[Source "ChessBase"]
[SourceDate "2003.11.25"]
[SourceVersion "1"]
[SourceVersionDate "2003.11.25"]
[SourceQuality "1"]

1. d4 d5 2. c4 e6 3. Nc3 Nf6 4. cxd5 exd5 5. Bg5 Be7 6. e3 0-0 7. Bd3 c6 8. Nge2 Qc7 9. Qc2 h6 10. Bxf6 Bxf6 11. Nxd5 Qa5+ 12. Ndc3 Bg4 13. 0-0 Na6 14. a3 Nc7 15. b4 Qg5 16. Ne4 Qf5 17. N2g3 Qd7 18. Nc5 Qc8 19. Bf5 Bxf5 20. Qxf5 Ne6 21. Nge4 Be7 22. Qe5 Rd8 23. Rfd1 Rd5 24. Qg3 Nxc5 25. dxc5 Qd7 26. Qf3 Rd8 27. Rxd5 Qxd5 28. h3 a5 29. Qf4 Kh8 30. Nd6 Bxd6 31. cxd6 Rxd6 32. bxa5 1/2-1/2